LEADER 01128nam a2200277 i 4500 001 000000168285 003 CaOOAMICUS 005 20080103000000.0 008 080103s1976 it u000 u ita u 013 $a145687 040 $aSeMil$bita 100 1 $aVerne, Jules <1828-1905>.$0(OLS)http://semarc/name/4116 240 13$aLe Chancellor, journal du passager.$0(OLS)http://semarc/title/240766 245 12$aI naufraghi del Chancellor :$bromanzo /$cJules Verne ; traduzione dal francese di Augusto Rocca. 260 $aMilano :$bRusconi,$c1976. 300 $a174 p. ;$c20 cm. 490 0 $aBiblioteca Rusconi ;$v22 500 $aFondo Card. Giovanni Colombo. 700 1 $aRocca, Augusto.$0(OLS)http://semarc/name/63205 830 0$aBiblioteca Rusconi ;$v22.$0(OLS)http://semarc/title/12460 850 $aSeMil 852 $aSeMil$W1$xVenegono$y1$m1T III 43$j239716$B119372$CSeMilBibl$Z2$F130390 $81 941 1 $a3 961 $aLascito: Colombo Card. Giovanni 996 $6245$aI naufraghi del Chancellor :$bromanzo$9(OLS)http://semarc/title/240765 996 $6260$aMilano :$bRusconi$9(OLS)http://semarc/publisher/30258 LEADER 01402nam a2200301 i 4500 001 000000229966 003 CaOOAMICUS 005 20220118083820.0 008 140522s2013 it u000 u ita u 013 $a208868 020 $a978-88-10-41016-5 040 $aSeMil$bita 100 1 $aRigato, Maria Luisa <1934- >.$0(OLS)http://semarc/name/47376 245 12$aI genitori di Gesł :$buna rilettura di Matteo e Luca /$cMaria Luisa Rigato. 260 $aBologna :$bEDB,$c2013. 300 $a155 p. ;$c21 cm. 490 0 $aStudi biblici ;$v65 650 4$aBibbia. Nuovo Testamento. Vangelo secondo Luca - Commentari, studi, critica, interpretazioni.$0(OLS)http://semarc/subject/142 650 4$aBibbia. Nuovo Testamento. Vangelo secondo Matteo - Commentari, studi, critica, interpretazioni.$0(OLS)http://semarc/subject/32 650 4$aGesł Cristo - Parenti.$0(OLS)http://semarc/subject/41358 830 0$aStudi biblici ;$v65.$0(OLS)http://semarc/title/438659 850 $aSeMil 852 $aSeMil$W1$xVenegono$y1$m2YA V 65$j264426$B180312$CSeMilBibl$Z2$F191352 $81 961 $aAcquisto: LI.CO.SA 996 $6020$a978-88-10-41016-5$9(OLS)http://semarc/number/232636 996 $6245$aI genitori di Gesł :$buna rilettura di Matteo e Luca$9(OLS)http://semarc/title/328777 996 $6260$aBologna :$bEDB$9(OLS)http://semarc/publisher/29669